00392nam a22001577a 4500003001100000005001700011008004100028020001500069040003900084041000800123082001300131100001900144245000900163260004200172650002000214LK-CoMWRAF20230908210531.0230908b2001 |||||||| |||| 00| 0 eng d a0753813130 aLK-CoMWRAFdLK-CoMWRAFeLK-CoMWRAF aeng a823bROB aRoberts, Karen aJuly aU. K. :bWeidenfeld & nicolson,c2001 aEnglish Fiction